00294nam a2200085Ia 4500008004100000100002700041245010300068260002900171300000800200201217s9999 xx 000 0 und d aBrown, Lester R. (Ed.) 0aState of the World 1987 : A world watch institute report on progress towards a sustainable society aNew DelhibPrentice Hall a267